Normal view
MARC view
Entry Topical Term
001 - CONTROL NUMBER
- control field: 21081
003 - CONTROL NUMBER IDENTIFIER
- control field: dpl
005 - DATE AND TIME OF LATEST TRANSACTION
- control field: 20100922113122.0
008 - FIXED-LENGTH DATA ELEMENTS
- fixed length control field: 100922|||a|||||| | ||| d
040 ## - CATALOGING SOURCE
- Original cataloging agency: dpl
- Transcribing agency: dpl
150 ## - HEADING--TOPICAL TERM
- Topical term or geographic name as entry element: Economic development
- Geographic subdivision: China.
670 ## - SOURCE DATA FOUND
- Source citation: Work cat.: (dpl)0: Swamy, Subramanian. 21080, Economic development and reforms in India and China :, 2010
670 ## - SOURCE DATA FOUND
- Source citation: Work cat.: (dpl)0: Swamy, Subramanian. 21080, Economic development and reforms in India and China :, 2010
